<?xml version="1.0" encoding="UTF-8"?>
<record
    xmlns:xsi="http://www.w3.org/2001/XMLSchema-instance"
    xsi:schemaLocation="http://www.loc.gov/MARC21/slim http://www.loc.gov/standards/marcxml/schema/MARC21slim.xsd"
    xmlns="http://www.loc.gov/MARC21/slim">

  <leader>00781nam a22001937a 4500</leader>
  <datafield tag="999" ind1=" " ind2=" ">
    <subfield code="c">61022</subfield>
    <subfield code="d">61022</subfield>
  </datafield>
  <controlfield tag="005">20231207123254.0</controlfield>
  <controlfield tag="008">231207s1975    ru ||||| |||| 00| 0 rus d</controlfield>
  <datafield tag="041" ind1=" " ind2=" ">
    <subfield code="a">rus</subfield>
  </datafield>
  <datafield tag="080" ind1=" " ind2=" ">
    <subfield code="a">94(3) K-84</subfield>
  </datafield>
  <datafield tag="100" ind1=" " ind2=" ">
    <subfield code="a">&#x41A;&#x440;&#x443;&#x448;&#x43A;&#x43E;&#x43B; &#x42E;.&#x421;.</subfield>
    <subfield code="9">20619</subfield>
  </datafield>
  <datafield tag="245" ind1=" " ind2=" ">
    <subfield code="a">&#x425;&#x440;&#x435;&#x441;&#x442;&#x43E;&#x43C;&#x430;&#x442;&#x438;&#x44F; &#x43F;&#x43E; &#x438;&#x441;&#x442;&#x43E;&#x440;&#x438;&#x438; &#x414;&#x440;&#x435;&#x432;&#x43D;&#x435;&#x433;&#x43E; &#x43C;&#x438;&#x440;&#x430; /</subfield>
    <subfield code="c">&#x42E;.&#x421;. &#x41A;&#x440;&#x443;&#x448;&#x43A;&#x43E;&#x43B;, &#x41D;.&#x424;. &#x41C;&#x443;&#x440;&#x44B;&#x433;&#x438;&#x43D;&#x430;, &#x415;.&#x410;. &#x427;&#x435;&#x440;&#x43A;&#x430;&#x441;&#x43E;&#x432;&#x430;. </subfield>
  </datafield>
  <datafield tag="264" ind1=" " ind2=" ">
    <subfield code="a">&#x41C;.:</subfield>
    <subfield code="b">&#x41F;&#x440;&#x43E;&#x441;&#x432;&#x435;&#x449;&#x435;&#x43D;&#x438;&#x435;,</subfield>
    <subfield code="c">1975.</subfield>
  </datafield>
  <datafield tag="300" ind1=" " ind2=" ">
    <subfield code="a">271 &#x441;.;</subfield>
    <subfield code="b">23 &#x441;&#x43C;.</subfield>
  </datafield>
  <datafield tag="653" ind1=" " ind2=" ">
    <subfield code="a">&#x10D0;&#x10DC;&#x10E2;&#x10D8;&#x10D9;&#x10E3;&#x10E0;&#x10D8; &#x10E1;&#x10D0;&#x10DB;&#x10E7;&#x10D0;&#x10E0;&#x10DD;</subfield>
  </datafield>
  <datafield tag="653" ind1=" " ind2=" ">
    <subfield code="a">&#x10D8;&#x10E1;&#x10E2;&#x10DD;&#x10E0;&#x10D8;&#x10D0;</subfield>
  </datafield>
  <datafield tag="700" ind1=" " ind2=" ">
    <subfield code="a">&#x41C;&#x443;&#x440;&#x44B;&#x433;&#x438;&#x43D;&#x430;, &#x41D;.&#x424;.</subfield>
    <subfield code="e">&#x10E8;&#x10D4;&#x10DB;&#x10D3;&#x10D2;&#x10D4;&#x10DC;&#x10D4;&#x10DA;&#x10D8;</subfield>
    <subfield code="9">20620</subfield>
  </datafield>
  <datafield tag="700" ind1=" " ind2=" ">
    <subfield code="a">&#x427;&#x435;&#x440;&#x43A;&#x430;&#x441;&#x43E;&#x432;&#x430;, &#x415;.&#x410;.</subfield>
    <subfield code="e">&#x10E8;&#x10D4;&#x10DB;&#x10D3;&#x10D2;&#x10D4;&#x10DC;&#x10D4;&#x10DA;&#x10D8;</subfield>
    <subfield code="9">20621</subfield>
  </datafield>
  <datafield tag="942" ind1=" " ind2=" ">
    <subfield code="2">udc</subfield>
    <subfield code="c">&#x1CAC;&#x1C98;&#x1C92;&#x1C9C;&#x1C98;</subfield>
  </datafield>
  <datafield tag="952" ind1=" " ind2=" ">
    <subfield code="0">0</subfield>
    <subfield code="1">0</subfield>
    <subfield code="2">udc</subfield>
    <subfield code="4">0</subfield>
    <subfield code="6">943_K84</subfield>
    <subfield code="7">0</subfield>
    <subfield code="9">97276</subfield>
    <subfield code="a">CPL</subfield>
    <subfield code="b">CPL</subfield>
    <subfield code="c">GEN</subfield>
    <subfield code="d">2023-12-07</subfield>
    <subfield code="g">5.00</subfield>
    <subfield code="o">94(3) K-84</subfield>
    <subfield code="p">65552</subfield>
    <subfield code="r">2023-12-07</subfield>
    <subfield code="t">65552</subfield>
    <subfield code="u">&#x10D1;&#x10E1;&#x10E3;-&#x10E1; &#x10E1;&#x10D0;&#x10DE;&#x10D0;&#x10E2;&#x10D8;&#x10DD; &#x10D3;&#x10DD;&#x10E5;&#x10E2;&#x10DD;&#x10E0;&#x10D8;&#x10E1; &#x10D2;&#x10E3;&#x10E0;&#x10D0;&#x10DB; &#x10DA;&#x10DD;&#x10E0;&#x10D7;&#x10E5;&#x10D8;&#x10E4;&#x10D0;&#x10DC;&#x10D8;&#x10EB;&#x10D8;&#x10E1; &#x10E1;&#x10D0;&#x10E9;&#x10E3;&#x10E5;&#x10D0;&#x10E0;&#x10D8;</subfield>
    <subfield code="w">2023-12-07</subfield>
    <subfield code="y">&#x1CAC;&#x1C98;&#x1C92;&#x1C9C;&#x1C98;</subfield>
    <subfield code="z">5 &#x10DA;.</subfield>
  </datafield>
</record>
